عرض عادي عرض مارك
  • Gilchrist, Warren,

مدخل إسم شخص

عدد التسجيلات المستخدمة في: 1

001 - رقم الضبط

  • حقل الضبط: 4481

003 - معرف رقم الضبط

  • حقل الضبط: OSt

005 - تاريخ ووقت أخر عملية

  • حقل الضبط: 20110914185347.0

008 - عناصر بيانات ثابتة الطول

  • حقل تحكم ثابت الطول: 110914|||a|||||| | ||| d

040 ## - مصدر الفهرسة

  • هيئة الفهرسة الأصلية: OSt
  • وكالة الكتابة: OSt

100 ## - مدخل -- أسم شخص

  • إسم شخص: Gilchrist, Warren,
  • تواريخ مرتبطة بالاسم: 1932-

670 ## - بيانات المصدر موجوده

  • الاستشهاد بالمصدر: Work cat.: (OSt)956: Gilchrist, Warren, 1932-, Statistical modelling with quantile functions /, c2000.